| 000 | 00410 a2200157 4500 | ||
|---|---|---|---|
| 003 | Nust | ||
| 005 | 20170207171855.0 | ||
| 040 | _cNust | ||
| 082 | _a005.8 | ||
| 100 | _aKhalid, Marium (MSIS-11) | ||
| 245 |
_aCyber Test Beds for The Simulation and Modeling of Cyber War Games _cMarium Khalid |
||
| 260 |
_aRawalpindi _bMCS,NUST _cMay 2016 |
||
| 300 | _axii, 60 p | ||
| 650 | _aPG Thesis MSIS | ||
| 651 | _aMSIS-11 | ||
| 942 |
_2ddc _cBK |
||
| 999 |
_c219364 _d219364 |
||